| 000 | 00403cam a2200157ua 4500 | ||
|---|---|---|---|
| 041 |
_aeng _h |
||
| 082 |
_a823.308 _bKAZ/BL |
||
| 100 | _aKazakevich, Emmanuel . | ||
| 245 |
_aBlue notebook / _cEmmanuel Kazakevich. _hTextual Documents |
||
| 250 |
_a1 / _b. |
||
| 260 |
_aMoscow : _bForeign Language Publishing House , _c1961. |
||
| 300 | _a105 ; . | ||
| 504 | _a | ||
| 942 | _cBK | ||
| 999 |
_c8717 _d8717 |
||